000 00670nam a2200289Ia 4500
005 20260324124719.0
008 008 260324s9999 xx 000 0 eng d
020 _a9781315589695
037 _aEBOOK
040 _aCRL
040 _beng
040 _cCRL
041 _2eng
041 _aeng
084 _qCRL
100 _aCarole M. Cusack
_91175222
245 0 _aInvented Religions
245 0 _bImagination, Fiction and Faith
260 _bTaylor and Francis
260 _c2010
365 _a
365 _b255
856 _uhttp://www.taylorfrancis.com/books/9781315589695
942 _cEBOOK
999 _c1769831
_d1769831